Uttaradhuniktawaad: Rajniti, samaj evam sanskriti (Record no. 20040)

MARC details
000 -LEADER
fixed length control field 00472nam a2200169Ia 4500
008 - FIXED-LENGTH DATA ELEMENTS--GENERAL INFORMATION
fixed length control field 230917s9999||||xx |||||||||||||| ||und||
020 ## - ISBN
Price RS895
040 ## - CATALOGING SOURCE
-- 236227
Original cataloging agency VIVEKANANDA LIBRARY
041 ## - Language
-- English
082 ## - DDC NUMBER
Classification number 320.509 S64U
100 ## - MAIN ENTRY--PERSONAL NAME
Personal name Singh, Bhola Prasad
245 #0 - TITLE STATEMENT
Title Uttaradhuniktawaad: Rajniti, samaj evam sanskriti
260 ## - PUBLICATION, DISTRIBUTION, ETC. (IMPRINT)
Place of publication, distribution, etc Jaipur
Name of publisher, distributor, etc Rawat Publications
Date of publication, distribution, etc 2016
300 ## - PHYSICAL DESCRIPTION
Pages 295 p.
500 ## - GENERAL NOTE
General note 2483 01/12/2016 RK16/IN2841 07/12/2016 Main Budget
942 ## - ADDED ENTRY ELEMENTS (KOHA)
Koha item type Books
Holdings
Withdrawn status Lost status Damaged status Not for loan Location (home branch) Sublocation or collection (holding branch) Date acquired Koha issues (times borrowed) Koha full call number Accession No. Koha date last seen Koha item type
        VIVEKANANDA LIBRARY VIVEKANANDA LIBRARY 05/01/2017   320.509 S64U 354583 17/09/2023 Books
        VIVEKANANDA LIBRARY VIVEKANANDA LIBRARY 05/01/2017   320.509 S64U 359738 17/09/2023 Books
        VIVEKANANDA LIBRARY VIVEKANANDA LIBRARY 05/01/2017   320.509 S64U 370471 17/09/2023 Books
© Designed and Maintained by Vivekananda Library, MDU Rohtak